000 00572nam a2200193Ii 4500
003 JO-AjNU
008 230606s9999||||xx |||||||||||||| ||und||
020 _a978-81-203-3697-1
040 _aJO-AjNU
_beng
_erda
_cJO-AjNU
041 _aeng
050 1 4 _aJQ2951.2009
100 3 _aSINGH ، AMITA,
_eauthor
_91343
245 0 0 _aSTRENGTHENING GOVERNANCE THROUGH ACCESS TO JUSTICE
264 3 1 _aNEW DEIHI : PHI LEARNING PRIVATE LIMITED ،2009
300 _a180p
336 _atext
_btxt
_2rdacontent
337 _aunmediated
_bn
_2rdamedia
338 _avolume
_bnc
_2rdacarrier
999 _aE709
_c709
_d709